000 00543nam a2200217Ia 4500
008 210210b2012 xxu||||| |||| 00| 0 eng d
020 _a9788132110378
041 _aeng
082 _a658.4 PITE
100 _aPITT (Martyn)
245 _aEssentials of strategic management
260 _aNew Delhi
_bSage Publications
_c2012
300 _axviii,451
650 _astrategic
650 _aof
650 _amanagement
650 _aEssentials
690 _aStrategic Management
700 _aKOUFOPOULOS (Dimitrios)
906 _a068931
999 _c153033
_d153033